<?xml version="1.0" encoding="UTF-8"?>
<collection xmlns="http://www.loc.gov/MARC21/slim">
 <record>
  <leader>00647pamaa2200205   4500</leader>
  <controlfield tag="001">0000043790</controlfield>
  <controlfield tag="005">20080701090000.0</controlfield>
  <controlfield tag="008">080609 2007 eng US</controlfield>
  <datafield tag="020" ind1="0" ind2="0">
   <subfield code="a">139780323039543 / 0323039545 </subfield>
  </datafield>
  <datafield tag="090" ind1="0" ind2="0">
   <subfield code="a">RT49 </subfield>
   <subfield code="b">GUL 2007</subfield>
  </datafield>
  <datafield tag="100" ind1="1" ind2="0">
   <subfield code="a">Gulanick </subfield>
  </datafield>
  <datafield tag="245" ind1="1" ind2="0">
   <subfield code="a">Nursing care plans : </subfield>
   <subfield code="b">Nursing diagnosis and intervention  </subfield>
   <subfield code="c">Meg Gulanick, Judith L. Myers.</subfield>
  </datafield>
  <datafield tag="250" ind1="0" ind2="0">
   <subfield code="a">6th ed.</subfield>
  </datafield>
  <datafield tag="260" ind1="0" ind2="0">
   <subfield code="a">St. Louis, Missouri: </subfield>
   <subfield code="b">MOSBY / Elsevier, </subfield>
   <subfield code="c">2007.</subfield>
  </datafield>
  <datafield tag="300" ind1=" " ind2=" ">
   <subfield code="a">1154 p.: </subfield>
   <subfield code="b">col. ill.; </subfield>
   <subfield code="c">27cm.</subfield>
  </datafield>
  <datafield tag="500" ind1="0" ind2="0">
   <subfield code="a">Includes index</subfield>
  </datafield>
  <datafield tag="650" ind1="0" ind2="0">
   <subfield code="a">Nursing care plans </subfield>
  </datafield>
  <datafield tag="650" ind1="0" ind2="0">
   <subfield code="a">Nursing diagnosis </subfield>
  </datafield>
  <datafield tag="700" ind1="1" ind2="1">
   <subfield code="a">Myers, </subfield>
   <subfield code="h">Judith L. </subfield>
  </datafield>
  <datafield tag="901" ind1=" " ind2=" ">
   <subfield code="u">http://evolve.elsevier.com/Gulanick/</subfield>
  </datafield>
 </record>
</collection>
